| 000 | 01230nam a2200217Ia 4500 | ||
|---|---|---|---|
| 003 | Ost | ||
| 005 | 20260507075332.0 | ||
| 008 | 260507s9999||||xx |||||||||||||| ||und|| | ||
| 020 | _a9789957182601 | ||
| 040 | _cfsecg | ||
| 041 | _aara | ||
| 082 | _a330 | ||
| 100 |
_aالكرخي، مجيد _eمؤلف |
||
| 245 | 0 |
_aالتحليل الكمي الاقتصادي : _bالعلاقات الخطية / _c مجيد الكرخي |
|
| 260 |
_aعمان: _bدار المناهج, _c2010 |
||
| 300 |
_a341 صفحة؛ _bإيضاحات ؛ _c25 سم |
||
| 520 | _aانواع الاعداد ، خاصية الاتصال في الاعداد الحقيقية ، الاحداثيات النتعامدة ، المتغيرات و الثوابت ، العلاقات و الخط المستقيم ، بعض العلاقات الاقتصادية الخطية ، المصفوفات الجبرية ، تحليل المستخدم ـ المنتج ، البرمجة الخطية ، استخدام البرمجية الخطية في تخطيط أو اتخاذ القرارات ، معالجة خاصة في البرمجة الخطية . | ||
| 653 | _aالإحصاء التحليلي | ||
| 653 | _aالإقتصاد التحليلي | ||
| 942 | _cكتاب | ||
| 999 |
_c44016 _d44016 |
||